A wizard of Earthsea : a graphic novel / Ursula K. ... Read More
Available copies
- 1 of 2 copies available at LARL/NWRL Consortium.
- 1 of 2 copies available at Lake Agassiz Regional Library. (Show preferred library)
Current holds
0 current holds with 2 total copies.
Show Only Available Copies
| Location | Call Number / Copy Notes | Barcode | Shelving Location | Status | Due Date |
|---|---|---|---|---|---|
| Hawley Public Library | Y G LEG (Text) | 33500014176846 | Main | Checked out | 07/13/2026 |
| Moorhead Public Library | Y G LEG (Text) | 33500014176853 | Main | Available | - |
Record details
- ISBN: 9780063285767
- ISBN: 0063285762
- Physical Description: 270 pages : chiefly color illustrations, color map ... Read More
- Edition: First edition.
- Publisher: New York : Clarion Books, Harper Alley, [2025]
- Copyright: ©2025
Content descriptions
| General Note: | Based on the novel originally published in 1968. |
| Summary, etc.: | Ged was the greatest sorcerer in Earthsea, but in ... Read More |
Search for related items by subject
| Subject: | Magic > Comic books, strips, etc. Wizards > Comic books, strips, etc. Imaginary places > Comic books, strips, etc. Magic > Fiction. Wizards > Fiction. Imaginary places > Fiction. |
| Genre: | Fantasy comics. Comics adaptations. Graphic novels. Graphic novel adaptations. |
Search for related items by series
| LDR | 02592cam a2200493 i 4500 | ||
|---|---|---|---|
| 001 | 454798 | ||
| 003 | LARL_NWRL_CONSORTIUM | ||
| 005 | 20250327172552.0 | ||
| 008 | 250226t20252025nyuab d 6 000 1 eng d | ||
| 040 | . | ‡aFFL ‡beng ‡erda ‡cFFL ‡dOCLCO ‡dHBP ‡dSDG ‡dOCO ‡dWIM ‡dJAS ‡dOCLCO | |
| 020 | . | ‡a9780063285767 ‡q(hardcover) | |
| 020 | . | ‡a0063285762 ‡q(hardcover) | |
| 035 | . | ‡a(OCoLC)1502059980 | |
| 082 | 0 | 4. | ‡a741.5973 ‡223 |
| 100 | 1 | . | ‡aLe Guin, Ursula K., ‡d1929-2018, ‡eauthor. ‡1https://id.oclc.org/worldcat/entity/E39PBJq6WD9qK476jfWk4qhvHC ‡0(LARL_NWRL_CONSORTIUM)224820 |
| 245 | 1 | 2. | ‡aA wizard of Earthsea : ‡ba graphic novel / ‡cUrsula K. Le Guin ; adapted and illustrated by Fred Fordham. |
| 250 | . | ‡aFirst edition. | |
| 264 | 1. | ‡aNew York : ‡bClarion Books, Harper Alley, ‡c[2025] | |
| 264 | 4. | ‡c©2025 | |
| 300 | . | ‡a270 pages : ‡bchiefly color illustrations, color map ; ‡c25 cm. | |
| 336 | . | ‡atext ‡2rdacontent | |
| 336 | . | ‡astill image ‡bsti ‡2rdacontent | |
| 337 | . | ‡aunmediated ‡2rdamedia | |
| 338 | . | ‡avolume ‡2rdacarrier | |
| 380 | . | ‡aComic or graphic novel | |
| 490 | 0 | . | ‡aEarthsea ; ‡v1 |
| 500 | . | ‡aBased on the novel originally published in 1968. | |
| 520 | . | ‡aGed was the greatest sorcerer in Earthsea, but in his youth he was the reckless Sparrowhawk. In his hunger for power and knowledge, he tampered with long-held secrets and unleashed a terrible shadow upon the world. This is the tumultuous tale of his testing, how he mastered the mighty words of power, tamed an ancient dragon, and crossed death's threshold to restore the balance. Experience the bestselling first adventure of Ursula K. Le Guin's Earthsea Cycle as a masterly crafted graphic novel. Fred Fordham brings new life to Le Guins iconic fantasy classic with his breathtaking illustrations and thoughtful text adaptation. | |
| 650 | 0. | ‡aMagic ‡vComic books, strips, etc. | |
| 650 | 0. | ‡aWizards ‡vComic books, strips, etc. | |
| 650 | 0. | ‡aImaginary places ‡vComic books, strips, etc. | |
| 650 | 1. | ‡aMagic ‡vFiction. ‡0(LARL_NWRL_CONSORTIUM)165984 | |
| 650 | 1. | ‡aWizards ‡vFiction. ‡0(LARL_NWRL_CONSORTIUM)168004 | |
| 650 | 1. | ‡aImaginary places ‡vFiction. ‡0(LARL_NWRL_CONSORTIUM)169861 | |
| 655 | 7. | ‡aFantasy comics. ‡2lcgft | |
| 655 | 7. | ‡aComics adaptations. ‡2lcgft | |
| 655 | 7. | ‡aGraphic novels. ‡2lcgft | |
| 655 | 7. | ‡aGraphic novel adaptations. ‡2lcgft | |
| 700 | 1 | . | ‡aFordham, Fred, ‡d1985- ‡eadapter, ‡eartist. ‡1https://id.oclc.org/worldcat/entity/E39PCjK3w7pQY7pbX6FkMCR8BX |
| 901 | . | ‡a454798 ‡bOCoLC ‡c454798 ‡tbiblio ‡soclc | |

Add to basket
Permalink
Disable Highlighting